| 000 | 01383nam a22002177a 4500 | ||
|---|---|---|---|
| 005 | 20251029084425.0 | ||
| 008 | s2508 th tha d | ||
| 040 | _aNALT | ||
| 041 | _atha | ||
| 090 |
_aอศ _bส247ส 2508 |
||
| 245 | 0 | 0 | _aสัมโมหวิโนทนี อรรถกถาพระวิภังคปกรณ์ แปล เล่ม 1. |
| 260 |
_aพระนคร : _bรัชดารมภ์การพิมพ์, _c2508. |
||
| 300 |
_a316, 26 หน้า : _bภาพประกอบ ; _c26 ซม. |
||
| 500 | _aคณะศิษยานุศิษย์ พิมพ์โดยเสด็จพระราชกุศลงานพระเมรุพระศพ สมเด็จพระสังฆราช ญาโณทยมหาเถระ วัดสระเกศราชวรมหาวิหาร วันที่ 20 พฤศจิกายน พุทธศักราช 2508 | ||
| 600 | 0 | 4 |
_aสมเด็จพระอริยวงศาคตญาณ (อยู่ ญาโณทโย), _cสมเด็จพระสังฆราช, _d2417-2508 |
| 650 | 4 |
_aอรรถกถา _925387 |
|
| 650 | 0 |
_aพุทธศาสนา _xคำสั่งสอน _923611 |
|
| 850 | _aNALT | ||
| 856 | 4 | 0 | _uhttps://hdl.handle.net/20.500.14156/588994 |
| 942 |
_cRRB _2local |
||
| 999 |
_c23678 _d23678 |
||
| 998 |
_j4612 _k นางสาววัลยา พุ่มต้นวงค์ |
||